00479pab a2200157 454500008004000000245008300040260000900123300001200132362000800144650001400152650002300166773001200189909001000201999001700211952009300228180718b1998 xxu||||| |||| 00| 0 eng d aRIGHT to education: a symposium on the state of basic education in our country c1998 ap.12-90 aApr aEducation aRight to education aSeminar a37209 c37209d37209 00104070aIIPAbIIPAd2018-07-19hIssue no: (464)pAR37541r2018-07-19w2018-07-19yAR